Leicester City Council v Leicestershire CC (Record no. 6979)
[ view plain ]
| 000 -LEADER | |
|---|---|
| fixed length control field | 01720cab a2200265 4500 |
| 001 - CONTROL NUMBER | |
| control field | ABS54523 |
| 008 - FIXED-LENGTH DATA ELEMENTS--GENERAL INFORMATION | |
| fixed length control field | 090401t1996 xxu||||| |||| 00| 0 eng d |
| 035 ## - SYSTEM CONTROL NUMBER | |
| System control number | (Sirsi) u10954 |
| 041 ## - LANGUAGE CODE | |
| Language code of text/sound track or separate title | eng |
| 245 ## - TITLE STATEMENT | |
| Title | Leicester City Council v Leicestershire CC |
| 260 ## - PUBLICATION, DISTRIBUTION, ETC. | |
| Date of publication, distribution, etc. | 1996 |
| 350 ## - PRICE (NR) (BK AM CF MU VM SE) [OBSOLETE] | |
| Price | 0 |
| 490 ## - SERIES STATEMENT | |
| Series statement | Rating & Valuation Reporter |
| Volume/sequential designation | (1996) 36 RVR 14-20(7) |
| 520 ## - SUMMARY, ETC. | |
| Summary, etc. | LT 17 February 1995. The CC acquired the City Council`s freehold interest in 2.38 hectares of land to construct an improved outer ring road. Consideration payable was to equal the compensation that would have been paid upon compulsory acquisition; the land to the north and south was agreed to have potential for residential development. It was agreed that the tribunal should answer two questions: 1/ whether, under the Highways Act 1980 s261, compensation should have regard for betterment, 2/ if so, whether compensation should be nil or the agreed existing agricultural use value. In addition, the Highways Act s239 provides that compensation payable by a highway authority shall have regard for how the remaining contiguous lands may be benefitted by the road development. "Held", 1/ Lands Tribunal required to have regard for betterment and that residential land use would benefit from link road development, 2/ compensation must be nil. |
| 650 ## - SUBJECT ADDED ENTRY--TOPICAL TERM | |
| Topical term or geographic name entry element | BETTERMENT |
| 650 ## - SUBJECT ADDED ENTRY--TOPICAL TERM | |
| Topical term or geographic name entry element | COMPENSATION |
| 650 ## - SUBJECT ADDED ENTRY--TOPICAL TERM | |
| Topical term or geographic name entry element | Compulsory purchase |
| 9 (RLIN) | 6228 |
| 650 ## - SUBJECT ADDED ENTRY--TOPICAL TERM | |
| Topical term or geographic name entry element | FREEHOLD INTEREST |
| 650 ## - SUBJECT ADDED ENTRY--TOPICAL TERM | |
| Topical term or geographic name entry element | HIGHWAYS ACT 1980 S261 |
| 650 ## - SUBJECT ADDED ENTRY--TOPICAL TERM | |
| Topical term or geographic name entry element | LEICESTER CITY COUNCIL V LEICESTERSHIRE CC |
| 650 ## - SUBJECT ADDED ENTRY--TOPICAL TERM | |
| Topical term or geographic name entry element | ROAD SCHEME |
| 690 ## - LOCAL SUBJECT ADDED ENTRY--TOPICAL TERM (OCLC, RLIN) | |
| Topical term or geographic name as entry element | ENVIRONMENTAL AND LAND CONSULTANCY-PLANNING AND DEVELOPMENT-COMPULSORY PURCHASE AND COMPENSATION |
| 942 ## - ADDED ENTRY ELEMENTS (KOHA) | |
| Suppress in OPAC | 0 |
| 948 ## - LOCAL PROCESSING INFORMATION (OCLC); SERIES PART DESIGNATOR (RLIN) | |
| c (OCLC) | 04/03/1997 |
| Withdrawn status | Lost status | Source of classification or shelving scheme | Damaged status | Not for loan | Home library | Current library | Shelving location | Date acquired | Total Checkouts | Full call number | Barcode | Date last seen | Copy number | Price effective from | Koha item type |
|---|---|---|---|---|---|---|---|---|---|---|---|---|---|---|---|
| Dewey Decimal Classification | London | London | Journal article | 14/09/1999 | ABS54523 | 10954-1001 | 06/08/2019 | 1 | 06/08/2019 | Law report |